O patinho matemático (Record no. 47276)

MARC details
000 -LÍDER
campo de controle de tamanho fixo 00840 a2200217 4500
001 - NÚMERO DE CONTROLE
campo de controle 47276
020 ## - ISBN - INTERNATIONAL STANDARD BOOK NUMBER
ISBN - International Standard Book Number 9788506081389
020 ## - ISBN - INTERNATIONAL STANDARD BOOK NUMBER
Informação qualificadora broch.
041 ## - CÓDIGO DE IDIOMA
Código do idioma do texto/trilha sonora ou título diferente por
082 ## - CDD - CLASSIFICAÇÃO DECIMAL DE DEWEY
Número de Classificação [E]
040 ## - FONTE DA CATALOGAÇÃO
Instituição da catalogação original BR-BrIDEA
Instituição que transcreveu o registro BR-BrIDEA
090 ## - NÚMERO DE CHAMADA LOCAL
Número de chamada (OCLC) (R); Número de chamada, CALL (RLIN) (NR) SK [E]
Número Cutter local (OCLC); Número de classificação do livro, CALL (RLIN) ALP
100 ## - ENTRADA PRINCIPAL--NOME PESSOAL
Nome pessoal Alphen, Jean-Claude
245 10 - TÍTULO
Título O patinho matemático
Indicação de responsabilidade, etc. Jean-Claude Alphen
260 ## - PUBLICAÇÃO, DISTRIBUIÇÃO, ETC.
Local de publicação, distribuição, etc. São Paulo, SP
Nome do editor, distribuidor, etc. Melhoramentos
Data da publicação, distribuição, etc. 2017
300 ## - DESCRIÇÃO FÍSICA
Extensão 1 v. (sem paginação)
Outros detalhes físicos col. ill.
520 ## - NOTA DE RESUMO, ETC
Resumo, etc. Era uma vez um famoso patinho que sabia contar até quatro. E descobriu que nem sempre 1 + 1 é igual a 2. Neste livro, Jean Claude teve uma ideia incrível. Resgata um importante personagem da literatura infantil, o Patinho Feio, e com a sua história, traz os conceitos primários da matemática para os pequenos.
697 ## - ENTRADA DE ASSUNTO LOCAL--ENTIDADE COLETIVA (RLIN)
Nome corporativo ou nome da jurisdição Números
856 ## - LOCALIZAÇÃO ELETRÔNICA E ACESSO
Uniform Resource Identifier <a href="000030/00003072.jpg">000030/00003072.jpg</a>
942 ## - ELEMENTOS DE ENTRADA ADICIONADOS (KOHA)
Tipo de material Koha Livros
Holdings
Situação do descarte Situação das perdas Situação física Não pode ser emprestado Biblioteca de origem Biblioteca atual Data de aquisição Total de empréstimos Número de chamada completo Código de barras Data de último acesso Data do preço efetivo Tipo de material Koha Data do último empréstimo Fonte da classificação ou esquema de arquivamento na estante
        Colégio Anchieta - Aquarius Colégio Anchieta - Aquarius 21/11/2023   028.5 ALP OPA 5816/AQU 21/11/2023 21/11/2023 Livros    
        Colégio Anchieta - Aquarius Colégio Anchieta - Aquarius 21/11/2023   028.5 ALP OPA 5817/AQU 21/11/2023 21/11/2023 Livros    
        ECB - SUDOESTE ECB - SUDOESTE 12/05/2022   SK [E] ALP 00058596SSW 23/01/2024 23/01/2024 Livros   Classificação Decimal de Dewey
        Colégio Anchieta - Aquarius Inspira 21/11/2023 1 028.5 ALP OPA 6067/AQU 21/11/2023 21/11/2023 Livros 21/11/2023